The Performance Manager. Proven Strategies for Turning Information into Higher Business Performance.

Saved in:
Bibliografiske detaljer
Main Authors: Mosimann, Roland (Author), Mosimann, Patrick (Author), Dussaul, Meg (Author)
Format: Ukendt
Sprog:engelsk
Udgivet: Ottawa (Ontario), Canada: Cognos Incorporated, 2007.
Fag:
Tags: Tilføj Tag
Ingen Tags, Vær først til at tagge denne postø!

MARC

LEADER 00000 a2200000 4500
003 CL-VaPUC
005 20250415133211.0
008 250106t2007 ||||| |||| 00| 0 eng d
999 |c 446215  |d 446213 
020 |a 978-0-9730124-1-5 
040 |c Pontificia Universidad Católica de Valparaíso 
082 |2 22  |a 658.3125 MOS 2007 
100 |a Mosimann, Roland  |9 894660  |e author 
245 |a The Performance Manager.  |b Proven Strategies for Turning Information into Higher Business Performance. 
260 |a Ottawa (Ontario), Canada:  |b Cognos Incorporated,  |c 2007. 
300 |a 143 páginas:  |b diagramas. 
583 |k Yessy Díaz Vidal   |c 20250106 
650 0 |9 260441  |a Capital humano   |x Gerencia del personal 
650 0 |9 879947  |a Gestión de recursos humanos   |x Estándares de desempeño 
650 0 |9 534289  |a Desempeño laboral  |x Medición y seguimiento 
700 |9 895082  |a Mosimann, Patrick  |e author 
700 |9 895083  |a Dussaul, Meg  |e author 
942 |2 ddc  |c BK 
952 |0 0  |1 0  |2 ddc  |4 0  |6 658_312500000000000_MOS_2007  |7 0  |8 A  |9 598865  |a BIBENE  |b BIBENE  |d 2025-01-06  |e 2  |g 63095.00  |i 5663809  |o 658.3125 MOS 2007  |p 5663809  |r 2025-01-06  |t 1  |v 63095.00  |w 2025-01-06  |y BK  |k ICO